00889cam a22002771 4500001001300000003000400013005001700017008004100034010001700075035001900092040004300111043001200154050002400166051001500190082000800205100002800213245006700241260002600308300004600334410006300380504003000443650002800473650004500501700004800546999001700594gs 57000157 DLC20260227111405.0770817s1956 caua s000 0 eng c ags 57000157  a(OCoLC)3195324 aU. S. Geol. Survey. LibrarycTxEUdDLC an-us-ca00aTN24.C2bA3 no. 173 aQE375b.M8 a5491 aMurdoch, Joseph,d1890-10aMinerals of California,cby Joseph Murdoch and Robert W. Webb. aSan Francisco,c1956. a452 p.bcol. plates, map, tables,c24 cm.10aCalifornia.bDivision of Mines and Geology.tBulletinv173 aBibliography: p. 362-452. 0aMineralogyzCalifornia. 0aMines and mineral resourceszCalifornia.1 aWebb, Robert Wallace,d1909-ejoint author. c29147d29147